[Event "TCh-FIN 00-01"]
[Site "FIN"]
[Date "2001.01.13"]
[Round "6"]
[White "Franssila,T"]
[Black "Lindqvist,TE"]
[Result "1-0"]
[WhiteElo "2262"]
[BlackElo "2232"]

1.d4 d5 2.c4 c6 3.Nf3 Nf6 4.Nc3 a6 5.c5 Nbd7 6.Bf4 g6 7.g3 Nh5 8.Bg2 Nxf4
9.gxf4 Bg7 10.e3 O-O 11.h4 b6 12.cxb6 Qxb6 13.Qc2 Rb8 14.b3 e6 15.Ne5 c5
16.Qd2 cxd4 17.exd4 Nxe5 18.fxe5 Bd7 19.h5 Rfc8 20.hxg6 hxg6 21.Ne2 Bb5 22.Bf3 Rc7
23.O-O Bxe2 24.Bxe2 f6 25.Qd3 fxe5 26.Qxg6 e4 27.Bg4 Re7 28.Rac1 Rbe8 29.Rc5 Qb4
30.Rfc1 Kf8 31.Rc8 Bxd4 32.Bh5 Bxf2+ 33.Kg2 Qb7 34.Rxe8+ Rxe8 35.Qxe8+ Kg7
36.Qg6+ Kf8 37.Rc8+ Ke7 38.Qf7+ Kd6 39.Qxb7 Ke5 40.Qc7+ Kf5  1-0

[Event "Czech Extra League 2000-1"]
[Site "CZE"]
[Date "2001.01.14"]
[Round "5"]
[White "Babula,V"]
[Black "Talla,V"]
[Result "1/2-1/2"]
[WhiteElo "2564"]
[BlackElo "2410"]

1.d4 d5 2.c4 c6 3.Nf3 Nf6 4.Nc3 a6 5.c5 Bf5 6.Bf4 Nbd7 7.e3 e6 8.Be2 h6 9.Nd2 Be7
10.O-O O-O 11.Bg3 Re8 12.Rc1 Bf8 13.f4 b6 14.cxb6 Qxb6 15.Na4 Qb7 16.Be1 Nb6
17.Nc5 Bxc5 18.dxc5 Nbd7 19.Nb3 Ne4 20.Qd4 f6 21.Na5 Qc7 22.b4 Kh8 23.Qd1 Bg6
24.Bd3 Bh7 25.Rb1 Ra7 26.Qc2 Qc8 27.Rd1 Qc7 28.g4 Nf8 29.Nb3 Qc8 30.h3 Rae7
31.Qe2 Ra7 32.Rc1 Nd7 33.Kg2 Nb8 34.Rh1 Rae7 35.Qc2 Rf8 36.Rf1 Rfe8 37.Kh2 Qc7
38.Kh1 Qc8 39.Rd1 Nd7 40.Qe2 Nb8 41.Na5 Rd8 42.Kg1 Kg8 43.Rb1 Rf8 44.Rb3 Rfe8
45.Ra3 Ra7 46.Nb3 Rf8 47.Ra5 Rff7 48.Kh2  1/2-1/2

[Event "Anibal Open"]
[Site "Linares ESP"]
[Date "2001.01.15"]
[Round "8"]
[White "Sakaev,K"]
[Black "Burmakin,V"]
[Result "1/2-1/2"]
[WhiteElo "2639"]
[BlackElo "2493"]

1.d4 d5 2.c4 c6 3.Nf3 Nf6 4.Nc3 a6 5.c5 Nbd7 6.Bf4 Nh5 7.e3 g6 8.Bd3 Bg7
9.O-O O-O 10.Bg5 Re8 11.h3 Bf6 12.Bxf6 Nhxf6 13.Qd2 Qc7 14.Rae1 e5 15.dxe5 Nxe5
16.Nxe5 Qxe5 17.f4 Qe7 18.Na4 Bd7 19.f5 Rad8 20.Qf2  1/2-1/2

[Event "Anibal Open"]
[Site "Linares ESP"]
[Date "2001.01.17"]
[Round "10"]
[White "Kempinski,R"]
[Black "Anastasian,A"]
[Result "1-0"]
[WhiteElo "2543"]
[BlackElo "2548"]

1.d4 d5 2.c4 c6 3.Nc3 Nf6 4.Nf3 a6 5.e3 Bf5 6.Qb3 Ra7 7.Nh4 Bg6 8.Nxg6 hxg6
9.cxd5 cxd5 10.Bd2 e6 11.Rc1 Nc6 12.Bd3 Bd6 13.h3 O-O 14.Na4 Nd7 15.h4 Qe7
16.a3 Rc8 17.Qd1 b5 18.Nc3 Nf6 19.g4 Rac7 20.f4 Na5 21.g5 Nh5 22.Kf2 Nc4
23.Bxc4 Rxc4 24.Qf3 b4 25.axb4 Bxb4 26.Ra1 a5 27.Rhc1 Qd7 28.Be1 Bxc3 29.Rxc3 a4
30.Rxc4 Rxc4 31.Bc3 f6 32.Qg4 Kh7 33.Kg2 Qb7 34.Kh3 Qb3 35.Qd1 Rxc3 36.bxc3 Qxc3
37.Qe1 Qd3 38.Qf2 a3 39.Kh2 Qc3 40.Ra2 e5 41.dxe5 fxe5 42.f5 e4 43.fxg6+ Kxg6
44.Kg2 Qc5 45.Rd2 Qd6 46.Rd4 a2 47.Ra4 d4 48.Rxa2 Qe6 49.exd4 Nf4+ 50.Kg3 Nd3
51.Qe3 Qd6+ 52.Kg2 Qe6 53.Rd2  1-0

[Event "Anibal Open"]
[Site "Linares ESP"]
[Date "2001.01.18"]
[Round "11"]
[White "Epishin,V"]
[Black "Burmakin,V"]
[Result "1/2-1/2"]
[WhiteElo "2578"]
[BlackElo "2493"]

1.d4 d5 2.c4 c6 3.Nc3 Nf6 4.Nf3 a6 5.a4 e6 6.e3 Nbd7 7.Bd3 Bd6 8.O-O O-O
9.Rb1 dxc4 10.Bxc4 e5 11.Qc2  1/2-1/2

[Event "ch-POL Boys U18"]
[Site "Zakopane POL"]
[Date "2001.01.18"]
[Round "3"]
[White "Dziuba,M"]
[Black "Stoma,P"]
[Result "1-0"]
[WhiteElo "2421"]
[BlackElo "2209"]

1.d4 d5 2.Nf3 Nf6 3.c4 c6 4.Nc3 a6 5.c5 Nbd7 6.Bf4 Nh5 7.e3 Nxf4 8.exf4 g6
9.Bd3 Bg7 10.O-O Nf8 11.Ne2 Bg4 12.Ne5 Bxe2 13.Qxe2 Ne6 14.Qe3 Bh6 15.g3 O-O
16.h4 Qc8 17.f3 Rb8 18.Rac1 Re8 19.Rc2 Nf8 20.Rh2 f6 21.Ng4 Bg7 22.h5 Qc7
23.hxg6 hxg6 24.Kg2 e6 25.Rfh1 Re7 26.Nh6+ Bxh6 27.Rxh6 Rg7 28.b3 Re8 29.Rh8+ Kf7
30.Qd2 Ke7 31.b4 Kd7 32.a4 e5 33.fxe5 fxe5 34.Qg5 Rge7 35.Qg4+ Kd8 36.Rg8 Qd7
37.Qxd7+ Kxd7 38.Rhh8 e4 39.fxe4 dxe4 40.Bc4 e3 41.Kf1 Rh7 42.Rxh7+ Nxh7
43.Rxe8 Kxe8 44.Ke2 Ke7 45.Kxe3 Nf6 46.Kf4 Nh5+ 47.Kg4 Nf6+ 48.Kg5 Ne4+ 49.Kf4 Nf6
50.g4 Kd7 51.g5 Ne8 52.Ke5  1-0

[Event "TCh-SVK"]
[Site "SVK"]
[Date "2001.01.28"]
[Round "7"]
[White "Danek,P SVK"]
[Black "Horvath,Mario"]
[Result "1-0"]
[WhiteElo "2217"]
[BlackElo "2260"]

1.d4 d5 2.Nf3 Nf6 3.c4 c6 4.Nc3 a6 5.cxd5 cxd5 6.Bf4 Nc6 7.e3 Bf5 8.Bd3 Bxd3
9.Qxd3 e6 10.O-O Be7 11.h3 O-O 12.Rfc1 Rc8 13.Na4 Ne4 14.a3 b5 15.Nc5 Nxc5
16.dxc5 f6 17.Nd4 Qd7 18.Nxc6 Qxc6 19.b4 e5 20.Bg3 a5 21.Rd1 Rfd8 22.Qb3 Kh8
23.Rd2 Rd7 24.Rad1 Rcd8 25.f4 e4 26.f5 Bf8 27.Bf4 g6 28.g4 g5 29.Bg3 Kg7
30.Kg2 Be7 31.Bd6 Bxd6 32.Qxd5 Qxd5 33.Rxd5 axb4 34.axb4 Ra8 35.c6 Ra2+ 36.Kf1 Re7
37.Rxd6 Rb2 38.R1d5 Rxb4 39.Rc5 Rc4 40.Rxc4 bxc4 41.Rd7 Kf7 42.c7 Rxd7 43.c8=Q Re7
44.Qxc4+ Kg7 45.Qc6 Kf7 46.Ke2  1-0

[Event "6th HIT Open"]
[Site "Nova Gorica SLO"]
[Date "2001.01.31"]
[Round "7"]
[White "Farago,I"]
[Black "Arduman,C"]
[Result "1-0"]
[WhiteElo "2453"]
[BlackElo "2375"]

1.d4 d5 2.c4 c6 3.Nf3 Nf6 4.Nc3 a6 5.c5 Nbd7 6.Bf4 Nh5 7.e3 Nxf4 8.exf4 g6
9.h4 Nf6 10.Ne5 Bh6 11.g3 Nh5 12.Be2 Ng7 13.h5 g5 14.fxg5 Bxg5 15.h6 Nf5
16.Bh5 Nxh6 17.Bxf7+ Nxf7 18.Nxf7 Kxf7 19.Qh5+ Kf8 20.Qxg5 Qd7 21.Rh4 Ke8
22.O-O-O Qf5 23.Qe3 Qe6 24.Qd2 Qg6 25.Re1 h5 26.Ne2 Bf5 27.Nf4 Qf7 28.Qe2 Kd7
29.Rxh5 Rxh5 30.Qxh5 Qxh5 31.Nxh5 b6 32.cxb6 Rb8 33.f3 Rxb6 34.Ng7 Bg6 35.Ne6 Ke8
36.b3 a5 37.Nc5 Rb4 38.Rd1 Rb5 39.Kb2 Kf7 40.Re1 Rb4 41.Kc3  1-0

[Event "TCh-FRA"]
[Site "Monaco FRA"]
[Date "2001.02.02"]
[Round "1"]
[White "Bujisho,B"]
[Black "Fontaine,R"]
[Result "1/2-1/2"]
[WhiteElo "2368"]
[BlackElo "2451"]

1.d4 d5 2.Nf3 Nf6 3.c4 c6 4.Nc3 a6 5.e3 b5 6.b3 Bg4 7.h3 Bh5 8.g4 Bg6 9.Ne5 b4
10.Na4 Nfd7 11.Nxg6 hxg6 12.a3 e6 13.axb4 Bxb4+ 14.Bd2 Bd6 15.Bg2 f5 16.Qe2 Nf6
17.b4 Ne4 18.Nc5 Bxc5 19.bxc5 Qh4 20.Rg1 O-O 21.gxf5 gxf5 22.cxd5 exd5 23.Ba5 Ra7
24.Rb1 Raf7 25.Rb2 Nd7 26.Kd1 Nexc5 27.Bb4 Na4 28.Ra2 a5 29.Bxa5 Nab6 30.Bb4 Rc8
31.Bd6 Nc4 32.Bf4 Qe7 33.Qc2 Ndb6 34.Ke2 Re8 35.Bf3 Qh4 36.Bg5 Qh7 37.h4 f4
38.Qxh7+ Kxh7 39.Rg4 fxe3 40.fxe3 Nxe3 41.Bxe3 Nc4 42.Be4+ dxe4 43.Rc2 Nxe3
44.Kxe3 Rf3+ 45.Ke2 Rf6 46.Ke3 Rfe6 47.Rf2 Ra8 48.Rf7 Ra3+ 49.Ke2 Rg6 50.Rxg6 Kxg6
51.Rc7 Rh3 52.Rxc6+ Kf5 53.Rc7 g6 54.Rf7+ Ke6 55.Rg7 Kf6 56.Rh7 Rd3 57.Rd7 Ke6
58.Rg7 Kf5 59.Rf7+ Kg4 60.Rg7 Kf5 61.Rf7+ Ke6 62.Rg7 Kf6 63.Rd7 Rh3 64.Rh7 Ke6
65.Rg7 Kd5 66.Rxg6 Rxh4 67.Rg8 Kxd4 68.Rd8+ Ke5 69.Re8+  1/2-1/2

[Event "TCh-FRA"]
[Site "Monaco FRA"]
[Date "2001.02.03"]
[Round "2"]
[White "Piket,Je"]
[Black "Fontaine,R"]
[Result "1-0"]
[WhiteElo "2632"]
[BlackElo "2451"]

1.d4 d5 2.c4 c6 3.Nf3 Nf6 4.Nc3 a6 5.c5 Nbd7 6.Bf4 Nh5 7.e3 Nxf4 8.exf4 b6
9.b4 bxc5 10.bxc5 Qa5 11.Qd2 g6 12.Bd3 Bh6 13.O-O Qc7 14.g3 O-O 15.Rfe1 e6
16.Rab1 f6 17.Qc2 Bxf4 18.gxf4 Qxf4 19.Re3 e5 20.Kh1 e4 21.Nxe4 dxe4 22.Bxe4 Rb8
23.Bxc6 Kh8 24.Rbe1 f5 25.Bxd7 Bxd7 26.d5 Qh6 27.Re7 Be8 28.Qc3+ Kg8 29.Ng5 Bf7
30.Nxf7 Rxf7 31.Rxf7 Kxf7 32.d6  1-0

[Event "ch-ROM"]
[Site "Baile Tusnad ROM"]
[Date "2001.02.19"]
[Round "14"]
[White "Danilov,V"]
[Black "Spulber,C"]
[Result "1-0"]
[WhiteElo "2343"]
[BlackElo "2380"]

1.d4 d5 2.c4 c6 3.Nf3 Nf6 4.Nc3 a6 5.c5 g6 6.Bf4 Bg7 7.e3 O-O 8.Be2 Bg4 9.Qb3 Bxf3
10.Bxf3 Qc8 11.O-O Nbd7 12.Rad1 Re8 13.Na4 Ra7 14.Rd2 e5 15.dxe5 Nxe5 16.Bxe5 Rxe5
17.Rfd1 h5 18.Rd4 a5 19.g3 Qc7 20.e4 Nxe4 21.Bxe4 Rxe4 22.Rxe4 dxe4 23.Qb6 Qxb6
24.cxb6 Ra8 25.Rd7 Rb8 26.Nc5 Bxb2 27.Kf1 Bf6 28.Rxb7 Rxb7 29.Nxb7 Bd4 30.Nxa5 Bxb6
31.Nxc6 Kf8 32.a4  1-0

[Event "1st Masters"]
[Site "Pinamar ARG"]
[Date "2001.03.09"]
[Round "2"]
[White "Hoffman,A"]
[Black "Hobaica,J"]
[Result "1/2-1/2"]
[WhiteElo "2473"]
[BlackElo "2306"]

1.d4 d5 2.c4 c6 3.Nf3 Nf6 4.Nc3 a6 5.c5 Bf5 6.Bf4 Nbd7 7.e3 h6 8.h3 g5 9.Bh2 Ne4
10.Qb3 Ra7 11.Nxe4 Bxe4 12.Nd2 Bg6 13.Qc3 e5 14.dxe5 Nxc5 15.Be2 Ne6 16.Rd1 Qb6
17.O-O Bb4 18.Qc1 O-O 19.Kh1 Raa8 20.a3 Be7 21.Bg1 f6 22.f4 fxe5 23.e4 c5
24.f5 Bxf5 25.exf5 Nf4 26.Rde1 Rxf5 27.g3 Nxe2 28.Rxe2 Rxf1 29.Nxf1 Qe6 30.g4 b6
31.Ng3 e4 32.Qd1 Re8 33.Qa4 b5 34.Qc2 Bd6 35.Nf5 d4 36.Bxd4 cxd4 37.Nxd4 Qd5
38.Nf5 Bf8 39.b4 Re6 40.Ne3 Qd7 41.Kg2 Bd6 42.Nf5 Bf4 43.Qb3 Kf8 44.Qc3 Be5
45.Qc5+ Bd6 46.Qd4 Qf7 47.Rc2 Kg8 48.Qd5 Bf8 49.Rf2 Rf6 50.Qxe4 Qe6 51.Qxe6+ Rxe6
52.Kf3 a5 53.bxa5 Ra6 54.Ke4 Rxa5 55.Rf3 Ra6 56.Rb3 Ra5 57.Nd4 Rxa3 58.Rxb5 Rxh3
59.Kf5 h5 60.gxh5 Rxh5 61.Rb8 Kf7 62.Rb7+ Ke8 63.Ne6 Rh1 64.Rb8+ Ke7 65.Nxf8 Rf1+
66.Ke5 Rxf8 67.Rb7+ Kd8 68.Rb8+ Ke7 69.Rxf8  1/2-1/2

[Event "TCh-FIN 00-01"]
[Site "FIN"]
[Date "2001.03.11"]
[Round "9"]
[White "Mertanen,J"]
[Black "Tella,J"]
[Result "0-1"]
[WhiteElo "2193"]
[BlackElo "2418"]

1.d4 d5 2.c4 c6 3.Nf3 Nf6 4.Nc3 a6 5.c5 Nbd7 6.Bf4 Nh5 7.e3 Nxf4 8.exf4 g6
9.Bd3 Bg7 10.O-O O-O 11.Re1 Re8 12.Qc2 Nf8 13.f5 Bxf5 14.Bxf5 gxf5 15.Qxf5 e6
16.Qh5 Qf6 17.Ne5 Ng6 18.Rad1 Nxe5 19.dxe5 Qg6 20.Qh3 f6 21.exf6 Qxf6 22.Rd3 e5
23.Rf3 Qe6 24.Rf5 Qg6 25.Ne2 Rf8 26.Ng3 e4 27.f4 h6 28.Kh1 Rae8 29.Rxf8+ Rxf8
30.Nh5 Bd4 31.b4 Bf2 32.Rf1 e3 33.Qf3 d4 34.g4 d3 35.f5 e2 36.Qxd3 exf1=Q+
37.Qxf1 Qxg4  0-1

[Event "TCh-SVK"]
[Site "SVK"]
[Date "2001.03.17"]
[Round "10"]
[White "Lisko,F"]
[Black "Maros,M"]
[Result "1/2-1/2"]
[WhiteElo "2339"]
[BlackElo "2217"]

1.d4 d5 2.c4 c6 3.Nf3 Nf6 4.Nc3 a6 5.c5 Nbd7 6.Bf4 Nh5 7.Bg5 h6 8.Bd2 Nhf6
9.Qc2 g6 10.g4 Qc7 11.g5 Nh5 12.e4 dxe4 13.Nxe4 hxg5 14.Nexg5 Ng7 15.Bc4 e6
16.O-O-O Be7 17.Bxe6 Nxe6 18.Nxe6 fxe6 19.Qxg6+ Kd8 20.Ng5 Nf8 21.Nf7+ Kd7
22.Qe4  1/2-1/2

[Event "Open"]
[Site "Bad Woerishofen GER"]
[Date "2001.03.21"]
[Round "7"]
[White "Siebrecht,S"]
[Black "Bintakis,M"]
[Result "1-0"]
[WhiteElo "2386"]
[BlackElo "2204"]

1.d4 d5 2.Nf3 Nf6 3.c4 c6 4.Nc3 a6 5.e3 b5 6.b3 Bg4 7.Bd3 Nbd7 8.Bb2 e6 9.O-O Bd6
10.a3 bxc4 11.bxc4 Qb8 12.Rb1 Bxf3 13.Qxf3 Bxh2+ 14.Kh1 h5 15.g3 Ng4 16.cxd5 cxd5
17.e4 Ndf6 18.a4 h4 19.Ba3 Qc7 20.exd5 hxg3 21.dxe6 Ra7 22.exf7+ Kxf7 23.Ne4 gxf2
24.Ng5+ Ke8 25.Rb8+ Qxb8 26.Qc6+  1-0

[Event "Tch-NED"]
[Site "NED"]
[Date "2001.03.24"]
[Round "7"]
[White "Van der Werf,M"]
[Black "Deegens,V"]
[Result "1-0"]
[WhiteElo "2445"]
[BlackElo "2339"]

1.d4 d5 2.c4 c6 3.Nf3 Nf6 4.Nc3 a6 5.c5 g6 6.Bf4 Nh5 7.Be5 f6 8.Bg3 Bg7 9.e4 dxe4
10.Nxe4 Be6 11.Bd3 Bf7 12.O-O O-O 13.Qe2 a5 14.Nc3 Na6 15.Bc4 Nc7 16.Rfe1 Nxg3
17.hxg3 e6 18.Ne4 Ne8 19.a3 h6 20.Rad1 Qd7 21.Ba2 Kh8 22.Ned2 Nc7 23.Nc4 Nd5
24.Nd6 Bg8 25.Bb1 Ne7 26.Nc4 Qc7 27.Qd2 Ra7 28.Qc2 Raa8 29.Ba2 Rad8 30.Nb6 Nc8
31.Nxc8 Qxc8 32.Qxg6 Qd7 33.Qc2 Rde8 34.Bb1 f5 35.Ba2 Qd8  1-0

[Event "ch-BUL Women"]
[Site "Plovdiv BUL"]
[Date "2001.03.27"]
[Round "8"]
[White "Ilieva,H"]
[Black "Djingarova,E"]
[Result "1/2-1/2"]
[WhiteElo "2190"]
[BlackElo "2235"]

1.d4 d5 2.Nf3 Nf6 3.c4 c6 4.Nc3 a6 5.c5 Nbd7 6.Bf4 Nh5 7.e3 Nxf4 8.exf4 g6
9.g3 Bg7 10.Bg2 O-O 11.O-O Re8 12.Re1 Nf8 13.Qd2 Bg4 14.Ne5 Bf5 15.b4 f6
16.Nf3 Bg4 17.a4 Bxf3 18.Bxf3 e5 19.fxe5 fxe5 20.dxe5 Rxe5 21.Rxe5 Bxe5 22.Re1 Bg7
23.Bg4 Qf6 24.Nxd5 cxd5 25.Qxd5+ Qf7 26.Bf3 Bc3 27.Re7 Qxd5 28.Bxd5+ Kh8
29.Rxb7 Rd8 30.c6 Be5 31.Bc4 Rb8 32.Bxa6 Rxb7 33.Bxb7 Ne6 34.a5 Nc7 35.Bc8 Bc3
36.a6 Bxb4 37.Kg2 Kg7 38.f4 Kf6 39.Kf3 Ke7 40.Ke4 Kd6 41.Bb7 Bc5 42.h3 Ne8
43.g4 Nf6+ 44.Kf3 Kc7 45.h4 h6 46.g5 Ng8 47.Ke4 hxg5 48.hxg5 Ne7 49.Ke5 Nf5
50.Kd5 Be3 51.Ke4 Bc5 52.Kd5 Ba7 53.Ke4 Ng3+ 54.Ke5 Nf5 55.Ke4 Bb8 56.Kf3 Nd6
57.Ke3 Nxb7 58.cxb7 Kd6 59.Kd4 Ba7+ 60.Ke4 Ke6 61.Kf3 Kf5 62.Kg3 Bb8 63.Kf3 Ke6
64.Ke4 Ba7 65.Kf3 Kf5  1/2-1/2

[Event "Spring Festival"]
[Site "Bucharest ROM"]
[Date "2001.04.06"]
[Round "1"]
[White "Istratescu,A"]
[Black "Negulescu,A"]
[Result "1-0"]
[WhiteElo "2582"]
[BlackElo "2510"]

1.d4 d5 2.c4 c6 3.Nf3 Nf6 4.Nc3 a6 5.c5 b5 6.Bf4 Nh5 7.Be5 f6 8.Bxb8 Rxb8
9.e3 g6 10.Be2 Ng7 11.b4 a5 12.a3 a4 13.h4 Bg4 14.Nd2 Bxe2 15.Qxe2 e5 16.O-O-O exd4
17.exd4+ Kf7 18.h5 Be7 19.g4 Qd7 20.f4 Rbe8 21.h6 Ne6 22.Qf2 Nc7 23.f5 g5
24.Ne2 Bd8 25.Ng3 Re7 26.Kc2 Rhe8 27.Kd3 Re4 28.Ndxe4 dxe4+ 29.Nxe4 Rxe4
30.Kxe4 Qd5+ 31.Ke3 Qb3+ 32.Rd3 Nd5+ 33.Ke4 Qc4 34.Ra1 Nf4 35.Qa2 Nxd3 36.Qxc4+ bxc4
37.Ra2 Nf4 38.Rc2 Ke7 39.Rxc4 Kd7 40.Rc2 Bc7 41.Rb2 Nd5 42.b5 Nc3+ 43.Kd3 Nxb5
44.Rb4 Nxa3 45.Rxa4 Nb5 46.Kc4 Bb8 47.d5 Nc7 48.d6 Ne8 49.Kd4 Bxd6 50.cxd6 Nxd6
51.Ra7+ Ke8 52.Rxh7 Nf7 53.Rxf7  1-0

[Event "Spring Festival Women"]
[Site "Bucharest ROM"]
[Date "2001.04.08"]
[Round "3"]
[White "Goczo,M"]
[Black "Marin,L"]
[Result "0-1"]
[WhiteElo "2185"]
[BlackElo "2196"]

1.d4 d5 2.Nf3 Nf6 3.c4 c6 4.Nc3 a6 5.cxd5 cxd5 6.Bf4 Nc6 7.e3 Bg4 8.Be2 e6
9.O-O Bd6 10.Bxd6 Qxd6 11.Ne1 Bxe2 12.Qxe2 O-O 13.Nd3 Nd7 14.Rfc1 Rac8 15.Na4 Nb4
16.Ndc5 Nxc5 17.Nxc5 b6 18.Nb3 Rxc1+ 19.Nxc1 Rc8 20.a3 Nc2 21.Rb1 Qc6 22.Nd3 Qb5
23.Rc1 Qc4 24.Qd2 a5 25.Ne1 Nxe3 26.Rxc4 Nxc4 27.Qe2 h6 28.h4 Nd6 29.g3 Ne4
30.Kg2 Rc1 31.f3 Nd6 32.Qd2 Rc4 33.b3 Rc8 34.Nd3 Nf5 35.Ne5 Rc2 36.Qxc2 Ne3+
37.Kf2 Nxc2 38.Nd7 Nxd4 39.b4 axb4 40.axb4 Nc2 41.b5 Nd4 42.Nxb6 Nxb5 43.Nd7 f6
44.f4 Kf7 45.Ke3 Ke7 46.Nb6 Kd6 47.Nc8+ Kc5 48.Ne7 Kc4 49.f5 d4+ 50.Kd2 e5
51.g4 e4 52.Ng6 e3+ 53.Ke2 Nc3+ 54.Kf3 e2 55.Kf2 d3 56.Ke1 Nd5 57.Kd2 Kd4
58.h5 e1=Q+ 59.Kxe1 Ke3  0-1

[Event "It"]
[Site "Antalya TUR"]
[Date "2001.04.10"]
[Round "13"]
[White "Halkias,S"]
[Black "Arduman,C"]
[Result "1/2-1/2"]
[WhiteElo "2494"]
[BlackElo "2375"]

1.d4 d5 2.c4 c6 3.Nc3 Nf6 4.Nf3 a6 5.c5 Bf5 6.Bf4 e6 7.e3 Nbd7 8.Be2 h6 9.h3 Be7
10.O-O O-O 11.Nd2 Qc8 12.Bf3 b6 13.cxb6 Nxb6 14.Rc1 Qb7 15.Qb3 Ra7 16.Rfe1 a5
17.a3 Qa6 18.Bg3 a4 19.Qa2 Ne8 20.Ne2 Nd6 21.Nf4 Bh7 22.Be2 Qc8 23.Bh2 Nd7
24.Nd3 Nf5 25.Rc3 Nd6 26.Nc5 Nxc5 27.dxc5 Ne4 28.Nxe4 Bxe4 29.b4 axb3 30.Rxb3 Qa8
31.Rc1 Bf6 32.Bd6 Ra5 33.Bd3 Bxd3 34.Rxd3 Qa7 35.Rb3 Be7 36.Qb2 Bxd6 37.cxd6 Qd7
38.Qc3 Ra6 39.Qc5 Rd8 40.Rb6 Rxb6 41.Qxb6 Qxd6 42.Rxc6 Qb8 43.a4 Qxb6 44.Rxb6 Ra8
45.Rb4 Kf8 46.Kf1 Ke7 47.Ke2 Ra7 48.Kd3 e5 49.Kc3 Kd6 50.Kb3 Kc6 51.Rb5 Rd7
52.Kb4 f6 53.Rc5+ Kb6 54.Rc2 d4 55.exd4 Rxd4+ 56.Kb3 f5 57.f3 g5 58.Re2 Rd5
59.Kc4 Rd4+ 60.Kb3 Rd5 61.Kc4 Rd4+ 62.Kc3 Rxa4 63.Rxe5 Ra2 64.Rxf5 Rxg2 65.Kd3 Rg3
66.h4 gxh4 67.Ke4 Kc6 68.Rh5 Rh3 69.f4 Kd7 70.Kf5 Rh1 71.Rxh6 Ke7 72.Rh8 Kd6
73.Kf6 h3 74.f5 h2 75.Rd8+ Kc5 76.Rd2 Kc4 77.Kf7 Rf1  1/2-1/2

[Event "Israel Open Ch"]
[Site "Tel Aviv ISR"]
[Date "2001.04.13"]
[Round "5"]
[White "Postny,E"]
[Black "Vainshtein,V"]
[Result "1-0"]
[WhiteElo "2432"]
[BlackElo "2314"]

1.d4 d5 2.c4 c6 3.Nf3 a6 4.Nc3 Nf6 5.c5 Bg4 6.Ne5 Bh5 7.Qb3 Ra7 8.Bf4 Nfd7
9.Nd3 Bg6 10.e3 Bxd3 11.Bxd3 e5 12.Bg3 Be7 13.O-O O-O 14.Qc2 g6 15.Rfd1 e4
16.Bf1 Bh4 17.b4 Bxg3 18.fxg3 h5 19.a4 Kg7 20.b5 Rh8 21.Qf2 h4 22.g4 Qg5
23.h3 f5 24.bxc6 bxc6 25.gxf5 Rf8 26.Ne2 Rxf5 27.Nf4 Qe7 28.Be2 g5 29.Bg4 Rf7
30.Nh5+ Kh6 31.Qe2 a5 32.Rf1 Rb7 33.Rxf7 Qxf7 34.Rf1 Qe7 35.g3 Rb3 36.gxh4 gxh4
37.Rf5 Nxc5 38.Rf6+ Qxf6 39.Nxf6 Rb1+ 40.Kh2 Nd3 41.Qg2 Ne1 42.Qf2 Nd3 43.Qxh4+  1-0

[Event "Spring Festival"]
[Site "Bucharest ROM"]
[Date "2001.04.16"]
[Round "11"]
[White "Dumitrache,D"]
[Black "Iankowski,R"]
[Result "1/2-1/2"]
[WhiteElo "2425"]
[BlackElo "2388"]

1.c4 Nf6 2.Nc3 c6 3.d4 d5 4.Nf3 a6 5.c5 Nbd7 6.Bf4 Nh5 7.e3 Nxf4 8.exf4 g6
9.Bd3 Bg7 10.h4 b6 11.cxb6 Qxb6 12.h5 Bxd4 13.Qc2 Bf6 14.hxg6 hxg6 15.Rxh8+ Bxh8
16.O-O-O Nf8 17.Na4 Qc7 18.Kb1 Rb8 19.Rh1 Bf6 20.Ne5 Bxe5 21.fxe5 Qxe5 22.Qxc6+ Bd7
23.Qc3 Qxc3 24.Nxc3 d4 25.Ne2 Rb6 26.f4 Rd6 27.Rh8 Bf5 28.Kc2 f6 29.Ng3 Bxd3+
30.Kxd3 Kf7 31.Ne4 Rd5 32.b4 Kg7 33.Rh1 Ne6 34.g3 g5 35.Kc4 Rf5 36.fxg5 Nxg5
37.Nc5 Rf2 38.a4 e5 39.Nxa6 Rc2+ 40.Kb3 Rc3+ 41.Kb2 Ne4 42.Rc1 Rxg3 43.b5 d3
44.b6 Rg2+ 45.Kb3 d2 46.Rd1 Nd6 47.Nc5 e4 48.b7 Nxb7 49.Nxe4 Rg4 50.Nxd2 Nc5+
51.Kc2 Rxa4 52.Rg1+ Kf7 53.Rf1 Rd4 54.Rf5 Nd7 55.Kc3 Rh4 56.Rf1 Ne5 57.Kc2 Rd4
58.Rf2 Ng4 59.Re2 f5 60.Nf3 Rf4 61.Nh4 Kf6 62.Nxf5 Kxf5 63.Re8 Rd4 64.Kc3 Rd7
65.Re1 Ne5 66.Rf1+ Ke6 67.Ra1 Rd3+ 68.Kc2 Rh3 69.Ra6+ Kd5 70.Ra8 Nc6  1/2-1/2

[Event "Open"]
[Site "Dubai UAE"]
[Date "2001.04.16"]
[Round "2"]
[White "Annageldyev,O"]
[Black "Kobalija,M"]
[Result "0-1"]
[WhiteElo "2503"]
[BlackElo "2590"]

1.d4 d5 2.c4 c6 3.Nf3 Nf6 4.Nc3 a6 5.cxd5 cxd5 6.Bf4 Nc6 7.e3 Bg4 8.Be2 e6
9.Qb3 Bxf3 10.Bxf3 Na5 11.Qc2 Rc8 12.O-O Be7 13.Be2 O-O 14.Bd3 Nc4 15.Rac1 Qa5
16.Bg5 h6 17.Bh4 Rc6 18.Bxf6 Bxf6 19.b3 Nxe3 20.fxe3 Rfc8 21.Qe2 Rxc3 22.Rcd1 Qc7
23.g3 Qe7 24.Qd2 R3c7 25.Bb1 g6 26.e4 dxe4 27.Bxe4 Rd8 28.Qxh6 Bg5 29.Qh3 Rxd4
30.Rde1 Kg7 31.Re2 f5 32.Bf3 e5 33.g4 fxg4 34.Bxg4 Rc1 35.Rxc1 Bxc1 36.Qf3 Rf4
37.Qg3 Qd6 38.Kg2 Qd5+ 39.Bf3 e4 40.Bg4 e3+ 41.Bf3 Qf5 42.h3 b5 43.Bg4 Qe5
44.Kh2 Bd2 45.Bc8  0-1

[Event "TSIM"]
[Site "Belgrade YUG"]
[Date "2001.04.20"]
[Round "10"]
[White "Brkljaca,A"]
[Black "Zmijanac,D"]
[Result "1-0"]
[WhiteElo "2365"]
[BlackElo "2309"]

1.d4 d5 2.Nf3 Nf6 3.c4 c6 4.Nc3 a6 5.cxd5 cxd5 6.Bf4 Nc6 7.e3 Bg4 8.Be2 e6
9.Ne5 Bxe2 10.Qxe2 Rc8 11.O-O Bd6 12.Bg3 O-O 13.f4 Nd7 14.Rf3 f5 15.Bh4 Qxh4
16.Nxd7 Rf7 17.Nb6 Re8 18.Nd1 Qd8 19.Na4 Qa5 20.Nac3 b5 21.Nf2 b4 22.Ncd1 Rc7
23.g4 Ne7 24.gxf5 Nxf5 25.Nd3 Rec8 26.Qe1 Qb5 27.N1f2 a5 28.Qd1 Qe8 29.Rh3 Qg6+
30.Kh1 Rc2 31.Qf3 Rd2 32.Rg1 Qf7 33.e4 Ne7 34.Ng4 Ng6 35.exd5 Bxf4 36.dxe6 Qf5
37.Nxf4 Qxf4 38.Nh6+  1-0

[Event "Open"]
[Site "Dubai UAE"]
[Date "2001.04.20"]
[Round "6"]
[White "Dizdar,G"]
[Black "Kobalija,M"]
[Result "1/2-1/2"]
[WhiteElo "2533"]
[BlackElo "2590"]

1.d4 d5 2.c4 c6 3.Nf3 Nf6 4.Nc3 a6 5.a4 e6 6.Bg5 Nbd7 7.e3 Qa5 8.Nd2 Bb4
9.Qc2 c5 10.Be2 cxd4 11.exd4 dxc4 12.Bh4 Qb6 13.O-O Qxd4 14.Bg3 Bd6 15.Bxd6 Qxd6
16.Nxc4 Qc7 17.a5 b5 18.axb6 Nxb6 19.Nxb6 Qxb6 20.Qa4+ Bd7 21.Qa3 Rb8 22.Rfb1 Qb4
23.Bxa6 O-O 24.Qxb4 Rxb4 25.b3 Nd5 26.Nxd5 exd5 27.Ra5 Bf5 28.Rd1 Be6 29.Rb5 Rxb5
30.Bxb5 Rb8 31.Bc6 Rc8 32.Bb7 Rc3 33.f3 Rxb3 34.Bxd5  1/2-1/2

[Event "54th ch-RUS"]
[Site "Elista RUS"]
[Date "2001.05.01"]
[Round "2"]
[White "Zakharevich,I"]
[Black "Kobalija,M"]
[Result "1-0"]
[WhiteElo "2487"]
[BlackElo "2590"]

1.d4 d5 2.Nf3 Nf6 3.c4 c6 4.Nc3 a6 5.a4 e6 6.Bg5 Nbd7 7.cxd5 exd5 8.e3 Qa5
9.Bd3 Ne4 10.O-O Nxg5 11.Nxg5 Nf6 12.f4 Be7 13.Nf3 O-O 14.Ne5 c5 15.g4 cxd4
16.exd4 g6 17.Kh1 Nd7 18.Qf3 Nxe5 19.dxe5 Be6 20.f5 d4 21.Ne4 Bd5 22.Qf4 Rae8
23.f6  1-0

[Event "54th ch-RUS"]
[Site "Elista RUS"]
[Date "2001.05.03"]
[Round "4"]
[White "Filippov,V"]
[Black "Burmakin,V"]
[Result "0-1"]
[WhiteElo "2632"]
[BlackElo "2522"]

1.Nf3 d5 2.d4 c6 3.c4 Nf6 4.Nc3 a6 5.Bg5 Ne4 6.h4 Nxc3 7.bxc3 dxc4 8.g3 b5
9.Bg2 Bb7 10.a4 Nd7 11.O-O f6 12.Bf4 Nb6 13.Qb1 e6 14.e4 Be7 15.Nd2 Qd7 16.Be3 O-O
17.h5 Rab8 18.Bh3 f5 19.Nf3 Nxa4 20.Ne5 Qc8 21.exf5 exf5 22.Rxa4 bxa4 23.Qa2 Qe6
24.Rd1 c5 25.Bf1 Bd5 26.Qxa4 Bf6 27.Kh2 Kh8 28.h6 g5 29.Bxc4 Bxc4 30.Nxc4 f4
31.gxf4 gxf4 32.Bxf4 Bxd4 33.Rxd4 cxd4 34.Be5+ Kg8 35.Bxb8 Rxb8 36.cxd4 Qxh6+
37.Kg2 Qg6+ 38.Kf3 Rf8+ 39.Ke3 Qg5+ 40.Kd3 Qb5 41.Qa2 Rf3+ 42.Kc2 Rxf2+ 43.Nd2+ Kg7
44.Qa3 Qf5+  0-1

[Event "54th ch-RUS"]
[Site "Elista RUS"]
[Date "2001.05.04"]
[Round "5"]
[White "Ionov,S"]
[Black "Volkov,S"]
[Result "1/2-1/2"]
[WhiteElo "2505"]
[BlackElo "2558"]

1.d4 d5 2.c4 c6 3.Nc3 Nf6 4.Nf3 a6 5.cxd5 cxd5 6.Bg5 Ne4 7.Bh4 Qa5 8.Nd2 Nxc3
9.bxc3 Nc6 10.Qb3 e5 11.e3 exd4 12.exd4 Bd6 13.Bg3 Bxg3 14.hxg3 Bf5 15.Rh5 Ne7
16.Be2 O-O 17.Qb2 Qc7 18.Kf1 Rfe8 19.Kg1 Qd7 20.Nf1 Bg6 21.Re5 f6 22.Re3 Rec8
23.Bf3 Rc7 24.g4 Be4 25.Bd1 Rac8 26.Ng3 Kh8 27.Rc1 h6 28.Qd2 b5 29.a3 Bg6
30.Bf3 Nc6 31.Rce1 Na5 32.Re6 Nc4 33.Qf4 Ne5 34.R1xe5 fxe5 35.Qxe5 Re8 36.Rxe8+ Bxe8
37.Bxd5 Rxc3 38.Nf5 Bg6 39.Ne7 Be8 40.Nf5 Bg6 41.Ne7 Be8  1/2-1/2

[Event "54th ch-RUS"]
[Site "Elista RUS"]
[Date "2001.05.04"]
[Round "5"]
[White "Utnasunov,A"]
[Black "Rustemov,A"]
[Result "0-1"]
[WhiteElo "2291"]
[BlackElo "2625"]

1.d4 d5 2.c4 c6 3.Nc3 Nf6 4.Nf3 a6 5.Bg5 Ne4 6.Bf4 Nxc3 7.bxc3 dxc4 8.g3 b5
9.Bg2 Bb7 10.Ne5 f6 11.Nxc4 bxc4 12.Rb1 Qc8 13.Qa4 g5 14.Bxb8 Rxb8 15.d5 Ba8
16.O-O Rb5 17.Qxc4 e6 18.Bh3 Qb7 19.Qe4 cxd5 20.Qxe6+ Be7 21.Bf5 Qc6 22.a4 Qxe6
23.Bxe6 Rxb1 24.Rxb1 Bd6  0-1

[Event "54th ch-RUS"]
[Site "Elista RUS"]
[Date "2001.05.06"]
[Round "6"]
[White "Zakharevich,I"]
[Black "Burmakin,V"]
[Result "0-1"]
[WhiteElo "2487"]
[BlackElo "2522"]

1.d4 d5 2.Nf3 c6 3.c4 Nf6 4.Nc3 a6 5.a4 e6 6.Bg5 Nbd7 7.cxd5 exd5 8.Qc2 Be7
9.e3 Nh5 10.Bxe7 Qxe7 11.a5 Nf4 12.Qb3 O-O 13.Qa3 Qe8 14.Qd6 Ng6 15.Bd3 Nf6
16.Nd2 Nh4 17.O-O Bf5 18.Bxf5 Nxf5 19.Qf4 Qe6 20.Nb3 Nd6 21.Nc5 Qe7 22.Qe5 Qd8
23.Qf4 Re8 24.Rfe1 Rb8 25.b3 Nde4 26.N3xe4 Nxe4 27.b4 Qc8 28.h3 Qd8 29.f3 Ng5
30.Qg3 Ne6 31.Nd3 Rc8 32.h4 Rc7 33.Kf2 Qf6 34.Rad1 Rce7 35.Qg4 Nc7 36.Nf4 Nb5
37.Nh5 Qh6 38.Qg5 Qg6 39.Qxg6 hxg6 40.Ng3 Nd6 41.Rd3 f6 42.Nf1 Nf5 43.g3 Kh7
44.Nd2 Nd6 45.Nb3 Kh6 46.Nc5 g5 47.hxg5+ Kxg5 48.g4 Rh8 49.Kg3 f5 50.f4+ Kg6
51.g5 Nc4 52.Re2 Kf7 53.Rb3 Ke8 54.Rb1 g6 55.Nd3 Reh7 56.Nf2 Nd6 57.Rg1 Kd7
58.Rg2 Ke6 59.Rc2 Rh4 60.Rc1 Ne4+ 61.Nxe4 dxe4 62.Kf2 Rh1 63.Rc5 Rb1 64.d5+ cxd5
65.Rc7 Rh3  0-1